Alla Svenska Fåglar - 50 slumpade - Statistics

General Stats
  • This quiz has been taken 855 times
  • The average score is 18 of 50
Answer Stats
Picture Answer % Correct
Fasan
100%
Lunnefågel
100%
Ringduva
100%
Storspov
100%
Talgoxe
100%
Knölsvan
93%
Blåmes
92%
Gräsand
91%
Gråhäger
90%
Gräsand
88%
Skata
88%
Kråka
83%
Ormvråk
83%
Fiskmås
82%
Gråhäger
82%
Knölsvan
82%
Korp
82%
Skrattmås
82%
Spillkråka
82%
Tjäder
82%
Kanadagås
80%
Kråka
80%
Tofsvipa
80%
Tornseglare
80%
Råka
79%
Mandarinand
78%
Sothöna
78%
Trana
78%
Gråtrut
77%
Kungsfiskare
77%
Nötkråka
77%
Hornuggla
75%
Korp
75%
Orre
75%
Talgoxe
75%
Fjällripa
73%
Kanadagås
73%
Skogsduva
73%
Sparvuggla
73%
Härfågel
71%
Sångsvan
71%
Sångsvan
71%
Sothöna
71%
Blåmes
70%
Kattuggla
70%
Rapphöna
70%
Storskrake
70%
Gröngöling
69%
Gröngöling
69%
Havstrut
69%
Hornuggla
69%
Fiskgjuse
67%
Grågås
67%
Nattskärra
67%
Praktejder
67%
Ringduva
67%
Sparvhök
67%
Spillkråka
67%
Strandskata
67%
Berguv
64%
Göktyta
64%
Havstrut
64%
Lappuggla
64%
Lunnefågel
64%
Rördrom
64%
Fiskgjuse
63%
Fjälluggla
63%
Kungsfiskare
63%
Orre
63%
Skedand
63%
Tjäder
63%
Kaja
61%
Berguv
60%
Brun Glada
60%
Enkelbeckasin
60%
Nilgås
60%
Sånglärka
60%
Trana
60%
Bergand
59%
Havsörn
58%
Kungsörn
58%
Ladusvala
58%
Röd Glada
58%
Tamduva
58%
Toppskarv
58%
Entita
57%
Fjälluggla
57%
Kattuggla
57%
Mindre Hackspett
57%
Rördrom
57%
Salskrake
57%
Skogsduva
57%
Småspov
57%
Svart Stork
57%
Tornuggla
57%
Turkduva
57%
Vigg
57%
Havsörn
56%
Mandarinand
56%
Morkulla
56%
Skäggdopping
56%
Skärfläcka
56%
Skedand
56%
Större Hackspett
56%
Svartmes
56%
Vigg
56%
Alförrädare
55%
Biätare
55%
Ejder
55%
Havssula
55%
Kricka
55%
Törnskata
55%
Råka
54%
Strandskata
54%
Duvhök
53%
Kaja
53%
Rapphöna
53%
Aftonfalk
50%
Backsvala
50%
Bivråk
50%
Blåkråka
50%
Blåkråka
50%
Dubbelbeckasin
50%
Fasan
50%
Fiskmås
50%
Järpe
50%
Ladusvala
50%
Mindre Hackspett
50%
Nötkråka
50%
Nötskrika
50%
Ormvråk
50%
Pärluggla
50%
Rödbena
50%
Silltrut
50%
Skedstork
50%
Slaguggla
50%
Stenfalk
50%
Storlabb
50%
Större Skrikörn
50%
Storskarv
50%
Talltita
50%
Tamduva
50%
Tofsvipa
50%
Tornuggla
50%
Tretåig Hackspett
50%
Vaktel
50%
Vitkindad gås
50%
Vitryggig Hackspett
50%
Vit Stork
50%
Kentsk Tärna
47%
Kustlabb
47%
Storlom
47%
Storskarv
47%
Vaktel
47%
Brunand
46%
Duvhök
46%
Fisktärna
46%
Svarthuvad Mås
46%
Tordmule
46%
Trädgårdssångare
46%
Fisktärna
45%
Gråspett
45%
Hussvala
45%
Knipa
45%
Lärkfalk
45%
Silvertärna
45%
skata
45%
Skedstork
45%
Spovsnäppa
45%
Svart Stork
45%
Tofsmes
45%
Alfågel
44%
Blå Kärrhök
44%
Brunand
44%
Ejder
44%
Gök
44%
Härfågel
44%
Knipa
44%
Morkulla
44%
Skärfläcka
44%
Stripgås
44%
Svarthätta
44%
Tofsmes
44%
Vassångare
44%
Havssula
43%
Kungsörn
43%
Lappuggla
43%
Rödhuvad Dykand
43%
Roskarl
43%
Sädgås
43%
Silltrut
43%
Småskrake
43%
Vitryggig Hackspett
43%
Dubbelbeckasin
42%
Hussvala
42%
Pilgrimsfalk
42%
Storspov
42%
Svärta
42%
Svarthakedopping
42%
Talltita
42%
Tobisgrissla
42%
Tornseglare
42%
Ägretthäger
41%
Vitvingad Trut
41%
Brun Glada
40%
Fjällripa
40%
Grågås
40%
Gråtrut
40%
Grönsångare
40%
Kärrsångare
40%
Kärrsnäppa
40%
Kricka
40%
Medelhavstrut
40%
Rörhöna
40%
Salskrake
40%
Sävsångare
40%
Silvertärna
40%
Skäggmes
40%
Skäggmes
40%
Stormsvala
40%
Svartmes
40%
Turkduva
40%
Alkekung
38%
Bläsgås
38%
Entita
38%
Fjällpipare
38%
Kornknarr
38%
Ljungpipare
38%
Nattskärra
38%
Rödspov
38%
Rödspov
38%
Rostgumpsvala
38%
Sånglärka
38%
Sillgrissla
38%
Smådopping
38%
Stjärtand
38%
Stjärtmes
38%
Stormsvala
38%
Storskrake
38%
Toppskarv
38%
Törnskata
38%
Vassångare
38%
Vit Stork
38%
Ägretthäger
36%
Alkekung
36%
Backsvala
36%
Grönsångare
36%
Kärrsnäppa
36%
Lärkfalk
36%
Röd Glada
36%
Rödhalsad Gås
36%
Rörhöna
36%
Rostand
36%
Småspov
36%
Varfågel
36%
Biätare
33%
Blå Kärrhök
33%
Bläsand
33%
Brednäbbad Simsnäppa
33%
Dalripa
33%
Dalripa
33%
Gråhakedopping
33%
Gravand
33%
Lappmes
33%
Lövsångare
33%
Mindre Sångsvan
33%
Mindre Skrikörn
33%
Mindre Strandpipare
33%
Nilgås
33%
Nötskrika
33%
Sädgås
33%
Sandlöpare
33%
Skrattmås
33%
Slaguggla
33%
Smalnäbbad Simsnäppa
33%
Snatterand
33%
Sparvhök
33%
Storlom
33%
Större Hackspett
33%
Större Skrikörn
33%
Svarttärna
33%
Tofslärka
33%
Turturduva
33%
Vitkindad gås
33%
Berglärka
31%
Bivråk
31%
Bläsand
31%
Göktyta
31%
Gråhakedopping
31%
Kustlabb
31%
Sandtärna
31%
Sjöorre
31%
Sparvuggla
31%
Svartbent Strandpipare
31%
Alfågel
30%
Bredstjärtad Labb
30%
Brun Kärrhök
30%
Enkelbeckasin
30%
Fjällpipare
30%
Fjällvråk
30%
Grönbena
30%
Kaspisk Trut
30%
Klykstjärtad Stormsvala
30%
Lavskrika
30%
Stjärtand
30%
Större Strandpipare
30%
Stripgås
30%
Busksångare
29%
Drillsnäppa
29%
Gransångare
29%
Hökuggla
29%
Hökuggla
29%
Järpe
29%
Mindre Sångsvan
29%
Prutgås
29%
Pungmes
29%
Skäggdopping
29%
Skräntärna
29%
Smålom
29%
Småskrake
29%
Svarthuvad Mås
29%
Svartpannad Törnskata
29%
Tofslärka
29%
Berglärka
27%
Fjällgås
27%
Gråspett
27%
Jaktfalk
27%
Jorduggla
27%
Rödbena
27%
Roskarl
27%
Sommargylling
27%
Svartbent Strandpipare
27%
Svartnäbbad Islom
27%
Svartsnäppa
27%
Tobisgrissla
27%
Tornfalk
27%
Trädlärka
27%
Turturduva
27%
Fjällabb
25%
Kentsk Tärna
25%
Klykstjärtad Stormsvala
25%
Lövsångare
25%
Mindre Lira
25%
Praktejder
25%
Pungmes
25%
Skärsnäppa
25%
Snatterand
25%
Stäpphök
25%
Vittrut
25%
Amerikansk Kricka
24%
Amerikansk Kricka
23%
Fjällabb
23%
Rörsångare
23%
Sandtärna
23%
Spetsbergsgås
23%
Stäpphök
23%
Tärnmås
23%
Bläsgås
22%
Jorduggla
22%
Lavskrika
22%
Myrspov
22%
Spetsbergsgås
22%
Svarthalsad Dopping
22%
Tretåig Mås
22%
Varfågel
22%
Småsnäppa
21%
Trastsångare
21%
Ängshök
20%
Dvärgbeckasin
20%
Dvärgmås
20%
Fjällgås
20%
Gök
20%
Härmsångare
20%
Korttålärka
20%
Mosnäppa
20%
Nordsångare
20%
Pilgrimsfalk
20%
Rostand
20%
Smålom
20%
Sommargylling
20%
Tereksnäppa
20%
Trädlärka
20%
Kungsfågelsångare
19%
Prutgås
19%
Sillgrissla
19%
Vattenrall
19%
Alförrädare
18%
Dvärgbeckasin
18%
Gluttsnäppa
18%
Gransångare
18%
Skogssnäppa
18%
Svarthalsad Dopping
18%
Svartpannad Törnskata
18%
Flodsångare
17%
Grålira
17%
Lundsångare
17%
Rödhalsad Gås
17%
Större Strandpipare
17%
Tajgasångare
17%
Tereksnäppa
17%
Vitvingad Trut
17%
Dvärgmås
15%
Gravand
15%
Kustpipare
15%
Aftonfalk
14%
Kustsnäppa
14%
Lappmes
14%
Pärluggla
14%
Rödhuvad Dykand
14%
Småfläckig Sumphöna
14%
Småtärna
14%
Småtärna
14%
Stjärtmes
14%
Tornfalk
14%
Vittrut
14%
Vitvingad Tärna
14%
Årta
13%
Bergand
13%
Korttålärka
13%
Mindre Sumphöna
13%
Mosnäppa
13%
Rostgumpsvala
13%
Skärsnäppa
13%
Smådopping
13%
Småsnäppa
13%
Svärta
13%
Tretåig Hackspett
13%
Vitnäbbad Islom
13%
Ängshök
11%
Myrsnäppa
11%
Skogssnäppa
11%
Svartnäbbad Islom
11%
Brunsångare
10%
Busksångare
10%
Fjällvråk
10%
Kungsfågelsångare
10%
Sandlöpare
10%
Svarthakedopping
10%
Svarttärna
10%
Vitnäbbad Islom
10%
Bergtajgasångare
9%
Kustpipare
9%
Mindre Strandpipare
9%
Skräntärna
9%
Tajgasångare
9%
Tordmule
9%
Trastsångare
9%
Tretåig Mås
9%
Tuvsnäppa
9%
Bergtajgasångare
8%
Bredstjärtad Labb
8%
Drillsnäppa
8%
Kärrsångare
8%
Kaspisk Trut
8%
Ljungpipare
8%
Lundsångare
8%
Småfläckig Sumphöna
8%
Stormfågel
8%
Trädgårdssångare
8%
Dammsnäppa
7%
Flodsångare
7%
Gräshoppsångare
7%
Rörsångare
7%
Tärnmås
7%
Nordsångare
6%
Årta
0%
Brednäbbad Simsnäppa
0%
Brun Kärrhök
0%
Brunsångare
0%
Brushane
0%
Brushane
0%
Dammsnäppa
0%
Gluttsnäppa
0%
Grålira
0%
Gräshoppsångare
0%
Grönbena
0%
Härmsångare
0%
Jaktfalk
0%
Kornknarr
0%
Kustsnäppa
0%
Medelhavstrut
0%
Mindre Lira
0%
Mindre Skrikörn
0%
Mindre Sumphöna
0%
Myrsnäppa
0%
Myrspov
0%
Sävsångare
0%
Sjöorre
0%
Smalnäbbad Simsnäppa
0%
Spovsnäppa
0%
Stenfalk
0%
Storlabb
0%
Stormfågel
0%
Svarthätta
0%
Svartsnäppa
0%
Tuvsnäppa
0%
Vattenrall
0%
Videsångare
0%
Videsångare
0%
Vitvingad Tärna
0%
No matching quizzes found
Score Distribution
Percent of People with Each Score
Percentile by Number Answered
Your Score History
You have not taken this quiz